[Event "23rd EUR-ch"]
[Site "Vrnjacka Banja SRB"]
[Date "2023.03.05"]
[Round "3.194"]
[White "Poupalos, Nikolaos"]
[Black "Farkas, Tibor"]
[Result "1-0"]
[WhiteElo "1906"]
[BlackElo "2247"]
[EventDate "2023.03.03"]
[PlyCount "83"]

1.e4 c5 2.Nf3 e6 3.d4 cxd4 4.Nxd4 Nf6 5.Nc3 d6 6.g4 h6 7.Rg1 g5 8.Be3 Nc6 
9.Be2 Ne5 10.h4 Nh7 11.hxg5 hxg5 12.Qd2 Be7 13.Rh1 Ng6 14.O-O-O a6 15.Nf5 
exf5 16.gxf5 Nf4 17.Rh2 Bf6 18.Rdh1 Qa5 19.Rxh7 Rxh7 20.Rxh7 Bxc3 21.bxc3 
Qxc3 22.Qxc3 Nxe2+ 23.Kd2 Nxc3 24.Kxc3 b5 25.Bxg5 Bb7 26.f3 Rc8+ 27.Kd3 a5
28.Rh6 Kd7 29.Rf6 b4 30.Rxf7+ Kc6 31.Bf4 Ba6+ 32.Kd2 Bc4 33.Ra7 Kb6 34.
Be3+ Kb5 35.Rb7+ Ka4 36.f6 Bxa2 37.Bh6 Rh8 38.Bg7 Rh2+ 39.Kc1 Ka3 40.f7 
Rh1+ 41.Kd2 Rh2+ 42.Kd3 1-0

[Event "23rd EUR-ch"]
[Site "Vrnjacka Banja SRB"]
[Date "2023.03.05"]
[Round "3.195"]
[White "Goriachkina, Oksana"]
[Black "Blagojevic, Tijana"]
[Result "1-0"]
[WhiteElo "1759"]
[BlackElo "2238"]
[EventDate "2023.03.03"]
[PlyCount "119"]

1.d4 d5 2.c4 e6 3.Nf3 Nf6 4.Nc3 c6 5.Bg5 Nbd7 6.e3 h6 7.Bf4 g5 8.Be5 Nxe5 
9.Nxe5 Bd6 10.h4 Bxe5 11.dxe5 Nd7 12.cxd5 Nxe5 13.dxe6 Qe7 14.exf7+ Nxf7 
15.hxg5 Qxg5 16.Qd4 Be6 17.Ne4 Qe7 18.Be2 Rd8 19.Qc3 Bf5 20.Ng3 Bg6 21.O-O
h5 22.Qg7 Qe6 23.Bc4 Qxc4 24.Qxg6 Kf8 25.Rad1 Rd5 26.Rxd5 Qxd5 27.Nf5 h4 
28.Qg7+ Ke8 29.Qf6 Qe5 30.Ng7+ Kf8 31.Ne6+ Ke8 32.Qxe5 Nxe5 33.Nf4 Ke7 34.
Rd1 a5 35.Kf1 Rg8 36.Nd3 Rd8 37.Ke2 Ng4 38.f3 Nf6 39.e4 Nh5 40.Ke3 Rg8 41.
Rh1 Rxg2 42.Rxh4 Nf6 43.a3 c5 44.e5 Nd7 45.Rh7+ Ke8 46.f4 c4 47.Nf2 b5 48.
Kf3 Rg1 49.Ne4 Re1 50.Nd6+ Kd8 51.Rh8+ Kc7 52.Nxb5+ Kc6 53.Nd4+ Kc5 54.Nc2
Rb1 55.Ne3 Nb6 56.Rd8 Rh1 57.e6 Rh3+ 58.Ke4 Rh6 59.f5 Rh4+ 60.Kf3 1-0

[Event "23rd EUR-ch"]
[Site "Vrnjacka Banja SRB"]
[Date "2023.03.05"]
[Round "3.196"]
[White "Eric, Jovana"]
[Black "Biyiksiz, Ali Batuhan"]
[Result "1/2-1/2"]
[WhiteElo "2230"]
[BlackElo "1994"]
[EventDate "2023.03.03"]
[PlyCount "112"]

1.e4 e5 2.Nf3 Nc6 3.Bc4 Nf6 4.d3 Bc5 5.Nc3 h6 6.h3 d6 7.a3 a6 8.O-O O-O 9.
b4 Ba7 10.Nd5 Nxd5 11.Bxd5 Be6 12.Bxe6 fxe6 13.c3 Qf6 14.Qe2 d5 15.Bb2 Qf4
16.Rae1 d4 17.c4 Ne7 18.Bc1 Qf6 19.Nh2 Ng6 20.g3 Qf7 21.h4 Ne7 22.Ng4 Nc6 
23.Bxh6 Kh8 24.Bg5 Qf3 25.Qxf3 Rxf3 26.b5 axb5 27.cxb5 Rxd3 28.bxc6 bxc6 
29.Nxe5 Rxa3 30.Nxc6 Bb6 31.Rd1 R8a4 32.Nd8 d3 33.Nxe6 Rxe4 34.Nf4 d2 35.
Kg2 Ba5 36.Nh3 Ra2 37.Be3 Bc3 38.Ng5 Re8 39.Kf3 Rf8+ 40.Ke2 Re8 41.Nf3 c5 
42.Nxd2 Rd8 43.h5 c4 44.Rh1 Ba5 45.Ra1 Raxd2+ 46.Bxd2 Rxd2+ 47.Ke3 Bc3 48.
Rad1 Ra2 49.Rh4 Ba5 50.Rxc4 Bb6+ 51.Kf3 Rxf2+ 52.Kg4 Rf8 53.Rdc1 Kh7 54.
Rc8 Rf7 55.R8c6 Bd4 56.Re6 Rb7 1/2-1/2

[Event "23rd EUR-ch"]
[Site "Vrnjacka Banja SRB"]
[Date "2023.03.05"]
[Round "3.197"]
[White "Shadyev, Damir"]
[Black "Pajcin, Lav"]
[Result "1-0"]
[WhiteElo "1712"]
[BlackElo "2221"]
[EventDate "2023.03.03"]
[PlyCount "83"]

1.e4 c5 2.Nc3 Nc6 3.g3 g6 4.Bg2 Bg7 5.f4 e6 6.d3 Nge7 7.Nf3 O-O 8.O-O d5 
9.e5 f6 10.exf6 Bxf6 11.Ne2 Qd6 12.c3 b5 13.g4 b4 14.Be3 bxc3 15.bxc3 Ba6 
16.Bf2 Bg7 17.Qd2 Rab8 18.Bg3 Qd7 19.h3 Rb5 20.Rab1 Rfb8 21.Rxb5 Rxb5 22.
Nh4 Bh6 23.Qe3 Rb2 24.Qf3 d4 25.f5 exf5 26.gxf5 gxf5 27.Bf4 Bg7 28.c4 Bb7 
29.Qh5 Ne5 30.Bxb7 Qxb7 31.Bxe5 Bxe5 32.Qe8+ Kg7 33.Nxf5+ Nxf5 34.Qxe5+ 
Kg8 35.Qxf5 Qg7+ 36.Kh1 Qb7+ 37.Rf3 h5 38.Qe6+ Kh8 39.Qh6+ Kg8 40.Qg5+ Kh7
41.Qxh5+ Kg7 42.Kg1 1-0

[Event "23rd EUR-ch"]
[Site "Vrnjacka Banja SRB"]
[Date "2023.03.05"]
[Round "3.198"]
[White "Mandryka, Vladislav"]
[Black "Tifferet, Shaked"]
[Result "0-1"]
[WhiteElo "1465"]
[BlackElo "2219"]
[EventDate "2023.03.03"]
[PlyCount "44"]

1.Nf3 d5 2.d4 Nf6 3.c4 e6 4.g3 dxc4 5.Bg2 Bb4+ 6.Bd2 a5 7.a3 Bxd2+ 8.Nbxd2
b5 9.O-O a4 10.e4 Bb7 11.Re1 O-O 12.e5 Nd5 13.Ne4 Nd7 14.Qc2 h6 15.h4 Qe7 
16.Rad1 Rab8 17.Qc1 Ba8 18.Nh2 f5 19.exf6 N5xf6 20.Qe3 Nxe4 21.Bxe4 Bxe4 
22.Qxe4 Rbc8 0-1

[Event "23rd EUR-ch"]
[Site "Vrnjacka Banja SRB"]
[Date "2023.03.05"]
[Round "3.199"]
[White "Stankovic, Boris"]
[Black "Antonioudakis, Georgios"]
[Result "1-0"]
[WhiteElo "2208"]
[BlackElo "1953"]
[EventDate "2023.03.03"]
[PlyCount "79"]

1.e4 c5 2.Nf3 d6 3.d4 cxd4 4.Nxd4 Nf6 5.Nc3 a6 6.Bg5 e6 7.f4 h6 8.Bh4 Qb6 
9.Qd2 Qxb2 10.Rb1 Qa3 11.e5 dxe5 12.fxe5 Nfd7 13.Ne4 Qxa2 14.Rd1 Qd5 15.
Qe3 Qxe5 16.c3 Qh5 17.Bg3 Be7 18.Be2 Qg6 19.Nd6+ Bxd6 20.Bxd6 Nf6 21.O-O 
Nd5 22.Qh3 Qg5 23.Rd3 Nc6 24.Nxc6 bxc6 25.Qf3 Qf5 26.Qg3 Qg5 27.Qf2 f5 28.
Qc5 Bd7 29.c4 Nf6 30.Qd4 Ne4 31.Bf4 Qe7 32.Bh5+ Kf8 33.Qxd7 Qxd7 34.Rxd7 
Nf6 35.Rf7+ Kg8 36.Bg6 Rf8 37.Rxf8+ Kxf8 38.Bd6+ Kg8 39.Rb1 Nd7 40.Rb7 1-0

[Event "23rd EUR-ch"]
[Site "Vrnjacka Banja SRB"]
[Date "2023.03.05"]
[Round "3.200"]
[White "Angun, Batu"]
[Black "Alfirevic, Duje"]
[Result "1/2-1/2"]
[WhiteElo "2206"]
[BlackElo "1924"]
[EventDate "2023.03.03"]
[PlyCount "71"]

1.d4 Nf6 2.c4 e6 3.Nf3 d5 4.Nc3 c5 5.cxd5 Nxd5 6.e4 Nxc3 7.bxc3 cxd4 8.
cxd4 Bb4+ 9.Bd2 Bxd2+ 10.Qxd2 O-O 11.Bc4 Nd7 12.O-O b6 13.Rad1 Bb7 14.Rfe1
Rc8 15.Bb3 Nf6 16.Qf4 Qc7 17.Qh4 Rfd8 18.h3 h6 19.Re3 Qb8 20.Ne5 Qa8 21.f3
Rc7 22.Red3 Ne8 23.Qf4 Qc8 24.d5 exd5 25.exd5 Nd6 26.Nc6 Bxc6 27.dxc6 Rxc6
28.Rxd6 Rcxd6 29.Rxd6 Qc5+ 30.Kh1 Qxd6 31.Qxf7+ Kh8 32.Bc2 Qf6 33.Qc4 Qd4 
34.Qe6 Qf6 35.Qc4 Qd4 36.Qe6 1/2-1/2

[Event "23rd EUR-ch"]
[Site "Vrnjacka Banja SRB"]
[Date "2023.03.05"]
[Round "3.201"]
[White "Glienke, Manfred"]
[Black "Deveci, Huseyin Said"]
[Result "1-0"]
[WhiteElo "2201"]
[BlackElo "1913"]
[EventDate "2023.03.03"]
[PlyCount "103"]

1.Nf3 Nf6 2.c4 c6 3.Nc3 d5 4.e3 e6 5.Qc2 Bd6 6.b3 O-O 7.Bb2 Re8 8.Be2 a6 
9.d4 Nbd7 10.Rd1 b5 11.h3 Bb7 12.O-O b4 13.Nb1 Ne4 14.Ne5 f6 15.Nxd7 Qxd7 
16.Nd2 Nxd2 17.Rxd2 Qf7 18.Bd3 f5 19.Ra1 g5 20.Qd1 h5 21.Be2 g4 22.f4 Be7 
23.g3 Red8 24.h4 Qf8 25.c5 a5 26.a3 Rdb8 27.Bc1 Bc8 28.Rda2 Bd7 29.Bd2 
bxa3 30.Rxa3 Bd8 31.b4 Bc7 32.bxa5 Qd8 33.a6 Ra7 34.Rb3 Rxb3 35.Qxb3 Qa8 
36.Kf2 Kf7 37.Ba5 Bxa5 38.Rxa5 Ke7 39.Qb6 Bc8 40.Ra4 Kd7 41.Rb4 Ke7 42.Ke1
Kd7 43.Kd2 Ke7 44.Bd3 Kd7 45.Kc3 Ke7 46.Qa5 Ke8 47.Rb6 Kd7 48.Rxc6 Qxc6 
49.Bb5 Rxa6 50.Bxc6+ Kxc6 51.Qd8 Bd7 52.Kb4 1-0

[Event "23rd EUR-ch"]
[Site "Vrnjacka Banja SRB"]
[Date "2023.03.05"]
[Round "3.202"]
[White "Valiev, Shahin"]
[Black "Mladenovic, Milan"]
[Result "1-0"]
[WhiteElo "2201"]
[BlackElo "1787"]
[EventDate "2023.03.03"]
[PlyCount "69"]

1.e4 c6 2.d4 g6 3.Nc3 d5 4.Nf3 Bg7 5.h3 dxe4 6.Nxe4 Nd7 7.Bc4 Ngf6 8.Nxf6+
Nxf6 9.O-O O-O 10.Re1 Bf5 11.Bg5 h6 12.Bf4 g5 13.Bh2 g4 14.Nh4 Qd7 15.Rxe7
Qxe7 16.Nxf5 Qb4 17.Bd3 Rfe8 18.Nxg7 Kxg7 19.Be5 Rxe5 20.dxe5 Nd7 21.c3 
Qf4 22.g3 Qg5 23.h4 Qh5 24.Bg6 Kxg6 25.Qxd7 Qxe5 26.Qxg4+ Kh7 27.Rd1 Re8 
28.Qf3 Qe6 29.Rd6 Qxa2 30.Qh5 Kg8 31.Rxh6 Re1+ 32.Kh2 Kf8 33.Qg5 Ke8 34.
Rh8+ Kd7 35.Qd2+ 1-0

[Event "23rd EUR-ch"]
[Site "Vrnjacka Banja SRB"]
[Date "2023.03.05"]
[Round "3.203"]
[White "Adan Bermudez, Sergio"]
[Black "Kanana, Ziad"]
[Result "1-0"]
[WhiteElo "2338"]
[BlackElo "1757"]
[EventDate "2023.03.03"]
[PlyCount "103"]

1.c4 e5 2.Nc3 Nc6 3.g3 g6 4.Bg2 Bg7 5.Rb1 a5 6.a3 d6 7.b4 axb4 8.axb4 Nf6 
9.d3 O-O 10.Nd5 Ne7 11.h4 Nfxd5 12.cxd5 h5 13.Bg5 Bd7 14.Nf3 c6 15.dxc6 
bxc6 16.O-O Re8 17.d4 e4 18.Nd2 f6 19.Bf4 Nd5 20.Bxe4 Nc3 21.Qb3+ d5 22.
Bxg6 Nxe2+ 23.Kh1 Nxf4 24.gxf4 Qc7 25.Bxe8 Rxe8 26.Qg3 Qb6 27.Rg1 Re7 28.
Rbe1 Qxb4 29.Rxe7 Qxe7 30.Nb3 Kh8 31.Nc5 Bf5 32.f3 Kh7 33.Rg2 Kh8 34.Rb2 
Qa7 35.Kh2 Qe7 36.Rb8+ Kh7 37.Rb7 Qe2+ 38.Qg2 Qxg2+ 39.Kxg2 Kg6 40.Rc7 Kh6
41.Rxc6 Bg6 42.Rd6 Bf7 43.f5 Bg8 44.Ne6 Kh7 45.Rd7 Bxe6 46.fxe6 Kg8 47.
Rd8+ Kh7 48.e7 f5 49.e8=Q f4 50.Qg8+ Kg6 51.Rd6+ Kf5 52.Qe6# 1-0

[Event "23rd EUR-ch"]
[Site "Vrnjacka Banja SRB"]
[Date "2023.03.05"]
[Round "3.204"]
[White "Yordanov, Lachezar"]
[Black "Nikanova, Ekaterina"]
[Result "1-0"]
[WhiteElo "2335"]
[BlackElo "2032"]
[EventDate "2023.03.03"]
[PlyCount "111"]

1.e4 c5 2.Nf3 e6 3.d4 cxd4 4.Nxd4 Nc6 5.Nc3 Qc7 6.g3 a6 7.Bg2 Nf6 8.O-O 
Nxd4 9.Qxd4 Bc5 10.Bf4 d6 11.Qd2 h6 12.Rad1 e5 13.Be3 Bxe3 14.fxe3 Be6 15.
Qxd6 Rc8 16.Qxc7 Rxc7 17.Rf2 Ke7 18.Nd5+ Bxd5 19.exd5 Ne8 20.Bf1 Nd6 21.
Bd3 Rd8 22.e4 Rdc8 23.c3 f6 24.Re2 Rc5 25.Kf2 a5 26.a4 R8c7 27.h4 Rc8 28.
Kf3 h5 29.Kf2 Kf7 30.Ke1 Ke7 31.Kf1 Rf8 32.Kg2 Rfc8 33.Rde1 Kf7 34.Rd1 Ke7
35.Kf3 Kf7 36.Kf2 Ke7 37.Ke1 Kf7 38.Kd2 Ke7 39.Kc2 Kf7 40.Rg1 Rh8 41.Rf2 
Rh6 42.Rf3 Rg6 43.b3 Rh6 44.Re3 Rh8 45.Kb2 Rb8 46.Ra1 Rbc8 47.Be2 g6 48.
Rf1 Kg7 49.Rg1 Kh6 50.c4 R5c7 51.g4 hxg4 52.Bxg4 f5 53.exf5 gxf5 54.Be2 e4
55.Reg3 Rd8 56.Rg5 1-0

[Event "23rd EUR-ch"]
[Site "Vrnjacka Banja SRB"]
[Date "2023.03.05"]
[Round "3.205"]
[White "Velikic, Adela"]
[Black "Kotyk, Michael"]
[Result "1-0"]
[WhiteElo "2329"]
[BlackElo "2018"]
[EventDate "2023.03.03"]
[PlyCount "72"]

1.d4 Nf6 2.c4 e6 3.Nf3 d5 4.Nc3 dxc4 5.e4 b5 6.e5 Nd5 7.Nxb5 Nb6 8.a3 Be7 
9.Be3 O-O 10.Qc2 a6 11.Nc3 Bb7 12.Be2 Nc6 13.Rd1 Rb8 14.h4 Na5 15.Rh3 Nd5 
16.Nxd5 Bxd5 17.Ng5 g6 18.Rg3 c5 19.dxc5 Qc7 20.h5 Qxe5 21.Bd4 Qf5 22.Qxf5
exf5 23.hxg6 fxg6 24.Bc3 f4 25.Rg4 h5 26.Rxd5 hxg4 27.Bxa5 Rfe8 28.Kd1 
Bxg5 29.Rxg5 Rxb2 30.Bxc4+ Kh7 31.Rxg4 g5 32.Rxg5 Rxf2 33.c6 Rb8 34.Bd3+ 
Kh6 35.Rg4 Kh5 36.c7 Re8 1-0

[Event "23rd EUR-ch"]
[Site "Vrnjacka Banja SRB"]
[Date "2023.03.05"]
[Round "3.206"]
[White "Vagman, Roy"]
[Black "Modric, Milos"]
[Result "1-0"]
[WhiteElo "2298"]
[BlackElo "2002"]
[EventDate "2023.03.03"]
[PlyCount "73"]

1.e4 d5 2.exd5 Qxd5 3.Nc3 Qa5 4.d4 c6 5.Bd2 Bf5 6.g4 Bc8 7.Bc4 e6 8.Nf3 
Nd7 9.Qe2 Qd8 10.O-O-O Nb6 11.Bb3 Nf6 12.g5 Nfd5 13.Ne4 Be7 14.c4 Nc7 15.
Bc3 O-O 16.h4 a5 17.a3 Nd7 18.Ne5 Ra6 19.Bc2 b5 20.Qh5 g6 21.Qh6 Re8 22.h5
Bf8 23.Qxh7+ Kxh7 24.hxg6+ Kg8 25.gxf7+ Kg7 26.Rh7+ Kxh7 27.Nf6+ Kg7 28.
Nh5+ Kh8 29.Ng6+ Kh7 30.Nxf8+ Kh8 31.Ng6+ Kh7 32.Ne7+ Kh8 33.d5+ e5 34.
Ng6+ Kh7 35.Nxe5+ Kh8 36.Ng6+ Kh7 37.Nf8# 1-0

[Event "23rd EUR-ch"]
[Site "Vrnjacka Banja SRB"]
[Date "2023.03.05"]
[Round "3.207"]
[White "Todorovic, Goran N."]
[Black "Martinkus, Rolandas"]
[Result "1/2-1/2"]
[WhiteElo "2296"]
[BlackElo "1985"]
[EventDate "2023.03.03"]
[PlyCount "68"]

1.d4 Nf6 2.c4 e6 3.Nc3 d5 4.Bg5 Nbd7 5.e3 c6 6.cxd5 exd5 7.Bd3 Be7 8.Qc2 
Nf8 9.Nge2 Ne6 10.Bh4 g6 11.O-O Ng7 12.f3 O-O 13.Bf2 b6 14.Rad1 Bb7 15.h3 
c5 16.dxc5 Bxc5 17.Qd2 Qe7 18.Rfe1 Rad8 19.a3 Ne4 20.Nxd5 Bxd5 21.fxe4 
Bxe4 22.Nd4 Ba8 23.Qe2 Rfe8 24.Bb5 Qe4 25.Qf3 Qe5 26.Bc6 Bd6 27.Bxa8 Rxa8 
28.Kf1 Rac8 29.Rd2 Bc5 30.Ne2 Nh5 31.Nc3 Nf6 32.Nd5 Nxd5 33.Qxd5 Qf6 34.
Qf3 Qe6 1/2-1/2

[Event "23rd EUR-ch"]
[Site "Vrnjacka Banja SRB"]
[Date "2023.03.05"]
[Round "3.208"]
[White "Irizanin, Radoje"]
[Black "Peric, Slavisa"]
[Result "0-1"]
[WhiteElo "2288"]
[BlackElo "1980"]
[EventDate "2023.03.03"]
[PlyCount "110"]

1.d4 e6 2.Bf4 d5 3.e3 Nf6 4.Nd2 c5 5.c3 Bd6 6.Bg3 O-O 7.Ngf3 b6 8.Ne5 Bb7 
9.Bd3 Nc6 10.f4 Ne7 11.Bh4 Nf5 12.Bxf5 exf5 13.Bxf6 Qxf6 14.Nd7 Qe7 15.
Nxf8 Bxf4 16.O-O Qxe3+ 17.Kh1 Rxf8 18.Qf3 g5 19.Qxe3 Bxe3 20.Nf3 f6 21.
Rad1 f4 22.g3 Kf7 23.Kg2 c4 24.Rde1 Kg8 25.Ng1 Bc8 26.h4 Bg4 27.gxf4 gxf4 
28.Nh3 Bxh3+ 29.Kxh3 h5 30.Re2 Kf7 31.Rg2 Re8 32.Re2 Rg8 33.Rg2 Re8 34.Rc2
Rg8 35.b3 b5 36.bxc4 bxc4 37.Rb2 Ke6 38.Rg2 Rb8 39.Rg7 Rb2 40.Rg2 Rb7 41.
Re2 Kd6 42.Rh1 a5 43.Rhh2 Rg7 44.Reg2 Re7 45.Rb2 Ke6 46.Rhg2 Kf5 47.Rb6 
Ke4 48.Rxf6 Kd3 49.Rg5 Kxc3 50.Rxd5 Kd3 51.Rxa5 c3 52.Rc6 Bxd4 53.Rxh5 f3 
54.Rf5 f2 55.Rf4 Re1 0-1

[Event "23rd EUR-ch"]
[Site "Vrnjacka Banja SRB"]
[Date "2023.03.05"]
[Round "3.209"]
[White "Garifulin, Yury"]
[Black "Dobre, Claudiu-Cristian"]
[Result "0-1"]
[WhiteElo "1975"]
[BlackElo "2271"]
[EventDate "2023.03.03"]
[PlyCount "66"]

1.e4 c6 2.d4 d5 3.Nc3 dxe4 4.Nxe4 Bf5 5.Ng3 Bg6 6.h4 h6 7.Nh3 Nd7 8.Nf4 
Bh7 9.Bc4 e5 10.O-O exf4 11.Re1+ Be7 12.Nh5 Ngf6 13.Nxg7+ Kf8 14.Nh5 Nxh5 
15.Qxh5 Bg6 16.Qf3 Bxh4 17.Bxf4 Bg5 18.Re6 Kg7 19.Bc7 fxe6 20.Bxd8 Raxd8 
21.Bxe6 Rhe8 22.Bb3 Nf6 23.c3 Re7 24.a4 a5 25.Bc4 Rf8 26.Rf1 Ne4 27.Qg4 
Nd2 28.f4 Nxc4 29.fxg5 Rxf1+ 30.Kh2 h5 31.Qg3 Ne3 32.Qd6 Ng4+ 33.Kh3 Rh1+ 
0-1

[Event "23rd EUR-ch"]
[Site "Vrnjacka Banja SRB"]
[Date "2023.03.05"]
[Round "3.210"]
[White "Stoychev, Ognian"]
[Black "Djuric, Stefan"]
[Result "0-1"]
[WhiteElo "1952"]
[BlackElo "2256"]
[EventDate "2023.03.03"]
[PlyCount "68"]

1.d4 g6 2.c4 Bg7 3.Nf3 Nf6 4.Nc3 O-O 5.e4 d6 6.Be2 e5 7.d5 Na6 8.O-O Nc5 
9.Qc2 a5 10.Bg5 h6 11.Be3 Qe7 12.Nd2 Bg4 13.f3 Bd7 14.b3 Nh5 15.a3 Nf4 16.
Kh1 f5 17.b4 Na4 18.Rfe1 axb4 19.axb4 Nxc3 20.Qxc3 Nxe2 21.Rxe2 c6 22.Ree1
Qh4 23.Qd3 Kh7 24.dxc6 Bxc6 25.b5 Be8 26.Qxd6 Rd8 27.Qb6 Rd7 28.Bf2 Qh5 
29.Nf1 Qg5 30.c5 fxe4 31.Rxe4 Rdf7 32.Be3 Qf5 33.Ng3 Qd7 34.Rb1 Qd3 0-1

[Event "23rd EUR-ch"]
[Site "Vrnjacka Banja SRB"]
[Date "2023.03.05"]
[Round "3.211"]
[White "Bleuzen, Erwan"]
[Black "Djokic, Mihailo"]
[Result "0-1"]
[WhiteElo "1937"]
[BlackElo "2227"]
[EventDate "2023.03.03"]
[PlyCount "42"]

1.d4 Nf6 2.c4 g6 3.Nc3 Bg7 4.e4 d6 5.f3 O-O 6.Bg5 Nc6 7.Nge2 a6 8.Qd2 Rb8 
9.Nc1 e5 10.d5 Nd4 11.Nb3 c5 12.dxc6 bxc6 13.Nxd4 exd4 14.Nd1 d5 15.Bd3 
dxe4 16.fxe4 Qe8 17.O-O Nxe4 18.Qf4 Bf5 19.Re1 Be5 20.Qh4 Nxg5 21.Bxf5 Qe7
0-1

[Event "23rd EUR-ch"]
[Site "Vrnjacka Banja SRB"]
[Date "2023.03.05"]
[Round "3.212"]
[White "Stoinev, Metodi"]
[Black "Celik, Ali Alper"]
[Result "1-0"]
[WhiteElo "2159"]
[BlackElo "1961"]
[EventDate "2023.03.03"]
[PlyCount "120"]

1.d4 d5 2.Nc3 Nf6 3.Bf4 g6 4.Nf3 Bg7 5.Qd2 c5 6.dxc5 Nc6 7.O-O-O Be6 8.Bh6
O-O 9.Bxg7 Kxg7 10.Nd4 Qa5 11.Nb3 Qc7 12.e3 Na5 13.Qd4 Rac8 14.Be2 Nxb3+ 
15.axb3 Qxc5 16.Bf3 a5 17.Qxc5 Rxc5 18.Rd4 Rfc8 19.Rhd1 Bf5 20.Bxd5 b5 21.
e4 b4 22.exf5 bxc3 23.bxc3 Nxd5 24.Rxd5 Rxc3 25.R1d2 Rxb3 26.Rxa5 Rbc3 27.
fxg6 hxg6 28.Kb2 R3c7 29.Ra3 f6 30.c3 g5 31.h3 Kg6 32.Rd3 Rc6 33.Ra4 Re6 
34.Re3 Rxe3 35.fxe3 e5 36.e4 Kh5 37.Ra6 Kg6 38.Kc2 Kf7 39.Rd6 Ke7 40.Rd2 
Ke6 41.Kd3 Rd8+ 42.Ke3 Rc8 43.Rc2 Kd6 44.c4 Kc5 45.Kf3 Rd8 46.Kg4 Rd1 47.
Rf2 Rd6 48.g3 Kxc4 49.h4 gxh4 50.gxh4 Rd1 51.Rxf6 Rh1 52.Rd6 Rg1+ 53.Kf5 
Rh1 54.Kxe5 Rxh4 55.Rd1 Rh8 56.Kf6 Rh2 57.e5 Rf2+ 58.Ke7 Re2 59.e6 Kc5 60.
Kd7 Ra2 1-0

[Event "23rd EUR-ch"]
[Site "Vrnjacka Banja SRB"]
[Date "2023.03.05"]
[Round "3.213"]
[White "Tadic, Katarina"]
[Black "Gikas, Andreas Basilius"]
[Result "0-1"]
[WhiteElo "1919"]
[BlackElo "2157"]
[EventDate "2023.03.03"]
[PlyCount "62"]

1.Nf3 d5 2.g3 Nf6 3.Bg2 c6 4.O-O Bf5 5.d3 e6 6.c4 Nbd7 7.cxd5 exd5 8.Qb3 
Qb6 9.Qxb6 axb6 10.Nc3 Bc5 11.e4 dxe4 12.dxe4 Be6 13.a3 O-O 14.h3 b5 15.e5
Nd5 16.Ne4 Be7 17.Bg5 Bxg5 18.Nexg5 Nc7 19.Nxe6 Nxe6 20.Rfd1 Nb6 21.Nd2 
Rfd8 22.Ne4 Nc4 23.Nd6 Nxb2 24.Rdb1 Nc4 25.Nxc4 bxc4 26.Rxb7 c3 27.Bf1 Rd2
28.Rb3 c2 29.Rc1 Nd4 30.Re3 Rd1 31.Re1 Nf3+ 0-1

[Event "23rd EUR-ch"]
[Site "Vrnjacka Banja SRB"]
[Date "2023.03.05"]
[Round "3.214"]
[White "Voiteanu, Gabriel"]
[Black "Dumbelovic, Novak"]
[Result "1-0"]
[WhiteElo "2155"]
[BlackElo "1948"]
[EventDate "2023.03.03"]
[PlyCount "67"]

1.d4 Nf6 2.c4 g6 3.Nc3 Bg7 4.e4 d6 5.Be2 O-O 6.Be3 e5 7.d5 Na6 8.g4 Nc5 9.
f3 h5 10.b4 Na6 11.a3 hxg4 12.Bg5 gxf3 13.Bxf3 Qe8 14.h4 Nh7 15.Qd2 f5 16.
Nh3 Qf7 17.O-O-O Nb8 18.Rdg1 Nf6 19.Nf2 fxe4 20.Nfxe4 Bf5 21.h5 Nbd7 22.
hxg6 Qe8 23.Bh6 Qe7 24.Bxg7 Qxg7 25.Rh7 Nxh7 26.gxh7+ Kxh7 27.Rxg7+ Kxg7 
28.Qg5+ Kh7 29.Ng3 Bg6 30.Be4 Rf6 31.Bxg6+ Rxg6 32.Qh5+ Kg7 33.Nf5+ Kf6 
34.Ne4+ 1-0

[Event "23rd EUR-ch"]
[Site "Vrnjacka Banja SRB"]
[Date "2023.03.05"]
[Round "3.215"]
[White "Srdanovic, Jovana"]
[Black "Vasilkov, Nikolai"]
[Result "0-1"]
[WhiteElo "2146"]
[BlackElo "1931"]
[EventDate "2023.03.03"]
[PlyCount "87"]

1.d4 d5 2.c4 e6 3.Nc3 Nf6 4.Bg5 Be7 5.Nf3 O-O 6.e3 h6 7.Bh4 b6 8.Rc1 Bb7 
9.Bxf6 Bxf6 10.cxd5 exd5 11.b4 c6 12.Bd3 a5 13.bxa5 Rxa5 14.a4 Nd7 15.O-O 
Qb8 16.Qb3 Bd8 17.Rfe1 c5 18.Bf5 c4 19.Qb4 Nf6 20.Ne5 Bc7 21.f4 Qd8 22.Rb1
g6 23.Bh3 Kg7 24.g3 h5 25.Bg2 Re8 26.Nxc4 dxc4 27.Bxb7 h4 28.Nb5 Bb8 29.
Qxc4 hxg3 30.hxg3 Qd7 31.Qc6 Qf5 32.Qf3 Ng4 33.e4 Qh5 34.Qh1 Qxh1+ 35.Kxh1
Rh8+ 36.Kg2 Rh2+ 37.Kf3 f5 38.exf5 gxf5 39.Re2 Rxa4 40.Bd5 Rh3 41.Ree1 Bd6
42.Bb3 Rb4 43.Be6 Rxb5 44.Bxf5 0-1

[Event "23rd EUR-ch"]
[Site "Vrnjacka Banja SRB"]
[Date "2023.03.05"]
[Round "3.216"]
[White "Hlebec, Darko"]
[Black "Petrovic, Dragan R."]
[Result "0-1"]
[WhiteElo "1900"]
[BlackElo "2141"]
[EventDate "2023.03.03"]
[PlyCount "98"]

1.d4 Nf6 2.Nf3 b5 3.e3 a6 4.Bd3 Bb7 5.Nbd2 d6 6.O-O Nbd7 7.e4 e5 8.dxe5 
dxe5 9.b3 Bd6 10.Bb2 O-O 11.Qe2 Qe7 12.c4 b4 13.Bc2 a5 14.Rfd1 a4 15.Nf1 
a3 16.Bc1 Nc5 17.Ng3 g6 18.Ng5 Nfd7 19.Be3 f6 20.Nf3 Ne6 21.Qd2 Rad8 22.
Rac1 Nb8 23.Qe1 c5 24.h3 Nc6 25.Nh2 Ncd4 26.Bb1 Rfe8 27.Nhf1 Nf4 28.Nh2 
Qe6 29.f3 Rd7 30.Bxf4 exf4 31.Ne2 Be5 32.Nxd4 Bxd4+ 33.Kh1 Red8 34.Rd3 h5 
35.Rcd1 g5 36.Bc2 Bc6 37.Qf1 Qe5 38.R3d2 Rg7 39.Qe2 Bd7 40.Rf1 Be6 41.Rd3 
Rdd7 42.Bd1 f5 43.Bc2 g4 44.Re1 gxh3 45.gxh3 Rg3 46.Rdd1 Rdg7 47.Bd3 fxe4 
48.Qxe4 Qxe4 49.Bxe4 Kf8 0-1

[Event "23rd EUR-ch"]
[Site "Vrnjacka Banja SRB"]
[Date "2023.03.05"]
[Round "3.217"]
[White "Lorscheid, Gerhard"]
[Black "Senel, Hayri Beyhun"]
[Result "0-1"]
[WhiteElo "2140"]
[BlackElo "1904"]
[EventDate "2023.03.03"]
[PlyCount "51"]

1.Nf3 Nf6 2.c4 d6 3.d4 g6 4.Nc3 Bg7 5.Bg5 Nbd7 6.e3 O-O 7.Qc2 Re8 8.Be2 c6
9.O-O Qc7 10.Nd2 e5 11.dxe5 dxe5 12.b4 Nf8 13.Rab1 Bf5 14.e4 Bd7 15.Nb3 
Ne6 16.Be3 Nf4 17.Rfd1 h6 18.f3 Rad8 19.Bf1 b6 20.a4 g5 21.c5 g4 22.cxb6 
axb6 23.Qf2 Rb8 24.a5 bxa5 25.bxa5 gxf3 26.gxf3 0-1

[Event "23rd EUR-ch"]
[Site "Vrnjacka Banja SRB"]
[Date "2023.03.05"]
[Round "3.218"]
[White "Djordjevic, Nevena"]
[Black "Medancic, Rikard"]
[Result "1/2-1/2"]
[WhiteElo "1889"]
[BlackElo "2139"]
[EventDate "2023.03.03"]
[PlyCount "69"]

1.d4 Nf6 2.Nf3 e6 3.a3 b6 4.c4 Bb7 5.Nc3 d5 6.Bg5 Be7 7.e3 Nbd7 8.cxd5 
exd5 9.Bd3 O-O 10.O-O h6 11.Bh4 Ne4 12.Bxe7 Qxe7 13.Qc2 c5 14.dxc5 bxc5 
15.Rfd1 Nef6 16.Rab1 Rab8 17.Qe2 Ne5 18.Nxe5 Qxe5 19.Na4 c4 20.Bc2 Rfe8 
21.Nc3 Bc8 22.h3 Rb6 23.Qd2 Qg5 24.Kh1 Qh4 25.Kg1 Bxh3 26.gxh3 Qxh3 27.
Nxd5 Ng4 28.Nxb6 axb6 29.Bf5 Qh2+ 30.Kf1 Ne5 31.f4 Qh1+ 32.Kf2 Qh2+ 33.Kf1
Qh1+ 34.Kf2 Qh2+ 35.Kf1 1/2-1/2

[Event "23rd EUR-ch"]
[Site "Vrnjacka Banja SRB"]
[Date "2023.03.05"]
[Round "3.219"]
[White "Lazic, Ljubisa"]
[Black "Labrovic, Jakov"]
[Result "1/2-1/2"]
[WhiteElo "2138"]
[BlackElo "1888"]
[EventDate "2023.03.03"]
[PlyCount "108"]

1.d4 e6 2.Nf3 f5 3.g3 Nf6 4.Bg2 Be7 5.O-O O-O 6.c4 d6 7.Nc3 Ne4 8.Qc2 Nxc3
9.Qxc3 Bf6 10.Qc2 c6 11.b3 Qe7 12.Bb2 d5 13.Ne5 Na6 14.Rac1 Bd7 15.e3 Rac8
16.c5 Bxe5 17.dxe5 b6 18.Bd4 b5 19.a3 Rb8 20.b4 Nc7 21.Ra1 Ra8 22.a4 Rfb8 
23.Ra2 a6 24.Rfa1 Qd8 25.Bf1 Be8 26.Bd3 Bh5 27.Kg2 Kf7 28.f3 Qg5 29.Qf2 
Bg6 30.h4 Qe7 31.axb5 axb5 32.Rxa8 Rxa8 33.Rxa8 Nxa8 34.Qa2 Qb7 35.Qa5 Ke7
36.Kf2 Be8 37.Bc3 Kd7 38.Qa1 Nc7 39.Bc2 Qa6 40.Qb2 Ke7 41.Bd2 Qa8 42.Bc1 
Bf7 43.Bb3 h6 44.Qd4 Qh8 45.Qf4 Ke8 46.Kg2 Qf8 47.Qd4 Ke7 48.Bc2 Qa8 49.
Bb3 Qf8 50.Bb2 Bh5 51.Qf4 Qg8 52.Qd4 g5 53.hxg5 hxg5 54.f4 g4 1/2-1/2

[Event "23rd EUR-ch"]
[Site "Vrnjacka Banja SRB"]
[Date "2023.03.05"]
[Round "3.220"]
[White "Dimitrijevic, Andjela"]
[Black "Nikolaidis, Konstantinos"]
[Result "0-1"]
[WhiteElo "1863"]
[BlackElo "2133"]
[EventDate "2023.03.03"]
[PlyCount "94"]

1.e4 c5 2.Nf3 d6 3.c3 Nf6 4.h3 Nc6 5.Bd3 d5 6.e5 Nd7 7.Bb5 Qc7 8.d4 a6 9.
Ba4 e6 10.O-O Be7 11.Bc2 b5 12.Re1 Bb7 13.a3 Rc8 14.Bd3 O-O 15.Be3 Na5 16.
Bg5 Qd8 17.Bxe7 Qxe7 18.Nbd2 Nc4 19.b4 cxd4 20.cxd4 f6 21.exf6 Qxf6 22.Ra2
Rce8 23.Nb3 e5 24.dxe5 Ndxe5 25.Nxe5 Rxe5 26.Nc5 Bc8 27.Rxe5 Qxe5 28.Re2 
Qh5 29.Bxc4 dxc4 30.Rd2 Qf5 31.f3 Qg5 32.Kh1 h6 33.Qe2 Kh8 34.Ne4 Qe5 35.
Nd6 Qa1+ 36.Rd1 Qf6 37.Qe3 Be6 38.Qc5 Bxh3 39.Qh5 Be6 40.Ne4 Qe7 41.Nd6 
Bg8 42.Ne4 Bh7 43.Nc5 c3 44.Rd7 Qf6 45.Rc7 Qd6 46.Rd7 c2 47.Nd3 Qxd7 0-1

[Event "23rd EUR-ch"]
[Site "Vrnjacka Banja SRB"]
[Date "2023.03.05"]
[Round "3.222"]
[White "Korelsky, Egor"]
[Black "Dakic, Marta"]
[Result "1-0"]
[WhiteElo "2127"]
[BlackElo "1867"]
[EventDate "2023.03.03"]
[PlyCount "95"]

1.e4 e5 2.Nf3 Nc6 3.Bb5 Nf6 4.O-O Nxe4 5.Re1 Nd6 6.Nxe5 Be7 7.Bf1 Nxe5 8.
Rxe5 O-O 9.d4 Ne8 10.c3 d5 11.Bd3 Nf6 12.h3 Re8 13.Bg5 Ne4 14.Bxe7 Rxe7 
15.Bxe4 dxe4 16.Rxe7 Qxe7 17.Qe2 Qg5 18.Qe3 Qxe3 19.fxe3 f5 20.Nd2 a5 21.
a4 b6 22.c4 Ba6 23.b3 c5 24.d5 Rd8 25.Rf1 Bc8 26.Nb1 Rd6 27.Nc3 Bd7 28.Kh2
Rg6 29.Rf4 Rd6 30.g4 g6 31.Kg3 Kg7 32.Rf2 Rf6 33.g5 Rf8 34.Kf4 Re8 35.Rd2 
h6 36.h4 hxg5+ 37.hxg5 Rh8 38.Ke5 Kf7 39.Kd6 Ke8 40.Kc7 Rh3 41.Re2 Rh5 42.
Kxb6 Rxg5 43.Kxa5 Rg1 44.Kb6 Rc1 45.Nb5 Rb1 46.a5 Rxb3 47.a6 Bxb5 48.cxb5 
1-0